| 000 | 00679cab a2200241 4500 | ||
|---|---|---|---|
| 001 | WB3341-59 | ||
| 008 | 090401t1997 xxu||||| |||| 00| 0 eng d | ||
| 035 | _a(Sirsi) u81561 | ||
| 041 | _aeng | ||
| 245 | _aRadio mast rent market maturing | ||
| 260 | _c1997 | ||
| 350 | _a0 | ||
| 490 |
_aFarmers' Weekly _v17 October 1997, 24(1) |
||
| 520 | _aThe market for communication masts has matured according to a survey by Strutt & Parker. | ||
| 650 | _aRADIO MAST RENTS | ||
| 650 | _aRADIO MASTS | ||
| 650 | _aRENTAL LEVELS | ||
| 650 | _aSTRUTT AND PARKER | ||
| 650 | _aTELECOMMUNICATIONS | ||
| 690 | _aTRANSPORT AND COMMUNICATIONS | ||
| 942 | _n0 | ||
| 948 | _c21/10/1997 | ||
| 999 |
_c51393 _d51393 |
||